| 000 | 00821nam a2200241 u 4500 | ||
|---|---|---|---|
| 005 | 20240426063838.0 | ||
| 008 | 190703s2010 mx r 000 0 spa d | ||
| 020 | _a9786077879107 | ||
| 035 | _aUPN01000231701 | ||
| 049 | _aCG | ||
| 050 | 4 |
_aPM3008 _bO4.2 |
|
| 245 | 0 | 0 |
_aOichkama oiyag : _bmi región pima / _ccoord. Mónica González Dillon ; tr. Manuel Coronado Alvarez ; il. Fabricio Vanden Broeck. |
| 260 |
_aMéxico : _bDGEI : _bSEP, _c2010. |
||
| 300 |
_a57 p. : _bil. col. |
||
| 440 | 0 | _aVivir mejor | |
| 500 | _aEn la portada dice: "Lengua pima. Estado de Chihuahua" | ||
| 650 | 4 |
_aIndígenas de México _xLenguas _913865 |
|
| 650 | 4 |
_aLENGUAJE Y CULTURA _96714 |
|
| 650 | 4 |
_aIndígenas de México _xEducación _910 |
|
| 700 | 1 |
_aGonzález Dillon, Mónica, _ecoord. |
|
| 905 | _aLibro | ||
| 999 |
_c203796 _d203796 |
||